Proceeding of the national conferences on open source software (NCOSS-09) open sorce beyond GNU/Linux : (Record no. 43006)

MARC details
000 -LEADER
fixed length control field 01032nam a22002417a 4500
005 - DATE AND TIME OF LATEST TRANSACTION
control field 20100823123651.0
010 ## - LCCN (DPL NO)
LC control number ENG-101337
020 ## - INTERNATIONAL STANDARD BOOK NUMBER
International Standard Book Number 9788184244366
Terms of availability 300.00
035 ## - SYSTEM CONTROL NUMBER
System control number EN-84870
037 ## - SOURCE OF ACQUISITION
Source of stock number/acquisition DBAD/PUB
082 ## - DEWEY DECIMAL CLASSIFICATION NUMBER
Classification number 005.432
100 ## - MAIN ENTRY--PERSONAL NAME
Personal name Open source software (NCOSS-09) open source beyond GNU/linux : selected readings :Navi Mumbai (2009)
245 ## - TITLE STATEMENT
Title Proceeding of the national conferences on open source software (NCOSS-09) open sorce beyond GNU/Linux :
Remainder of title selected reading /
Statement of responsibility, etc edited by M. Sasikumar [and] R. Aparna
260 ## - PUBLICATION, DISTRIBUTION, ETC. (IMPRINT)
Place of publication, distribution, etc New Delhi
Name of publisher, distributor, etc Allied Publishers
Date of publication, distribution, etc 2009
270 ## - ADDRESS
Address 1/13-14 Asaf Ali Road
City New Delhi
Postal code 110002
300 ## - PHYSICAL DESCRIPTION
Extent xii, 159 p.
Dimensions 28cm (Pbk)
490 ## - SERIES STATEMENT
Series statement Collection Sciences Sociales no 14
-- 17206
500 ## - GENERAL NOTE
General note Includes index
700 ## - ADDED ENTRY--PERSONAL NAME
Personal name M. Sasikumar
9 (RLIN) 16294
700 ## - ADDED ENTRY--PERSONAL NAME
Personal name R. Aparna
9 (RLIN) 16295
942 ## - ADDED ENTRY ELEMENTS (KOHA)
Source of classification or shelving scheme Dewey Decimal Classification
Item type English Books
Classification part 005.432
Call number suffix PRO
Holdings
Withdrawn status Lost status Not for loan Collection code Home library Current library Date acquired Cost, normal purchase price Full call number Barcode Copy number Cost, replacement price Koha item type
    Not For Loan Non-fiction D.B.Act.Division D.B.Act.Division 23/08/2010 300.00 005.432 PRO EN-84870 1 300.00 English Books

© Delhi Public Library
Hit Counter
free hit counter